Score 0/10 Timer 01:30
16 Plays Today
Question Answer Wrong Answers
Click the button marked '4', but remember what numbers are on the other buttons each time you click an answer. ???
100%
???
0%
???
0%
???
0%
Now, click where the 1 was in the previous question. ???
94.4%
???
1.4%
???
1.2%
???
2.7%
Click where the 3 was in the previous question. ???
71.3%
???
1.1%
???
18.1%
???
3.3%
Click where the 4 was in the previous question. ???
45.6%
???
7.5%
???
8.3%
???
9.8%
Click where the 2 was in the previous question. ???
35.6%
???
0.7%
???
6.1%
???
3.1%
Click where the 3 was in the previous question. ???
32.1%
???
0.3%
???
0.9%
???
2.2%
Click where the 1 was in the first question. ???
13.9%
???
0.7%
???
17.2%
???
0.3%
Click where the 1 was in the previous question. ???
10.7%
???
1.9%
???
0.4%
???
0.7%
Click where the 3 was in the previous question. ???
6.9%
???
1.3%
???
1.8%
???
0.7%
Click where the 4 is in this question. ???
6.4%
???
0.4%
???
0.1%
???
0%

You're not logged in!

Compare scores with friends on all Sporcle quizzes.
OR
Log In

Sporcle TV

Today on Sporcle TV


Watch our educational content, quiz creation guides, and fun videos on Sporcle TV.

Show Comments

Extras

Top Quizzes Today


Score Distribution

Paid Content

Your Account Isn't Verified!

In order to create a playlist on Sporcle, you need to verify the email address you used during registration. Go to your Sporcle Settings to finish the process.

Report this User

Report this user for behavior that violates our Community Guidelines.

Details: